000 00488nam a2200145Ia 4500
008 180925s9999 xx 000 0 und d
020 _a9780071085342
100 _aPalmer,Ian.
245 _cIan Palmer, Richard Dunford, Gib Akin.--
_aManaging organizational change :
_ba multiple perspectives approach /
250 _a2nd ed
260 _aNew York :
_bMcGraw Hill
_c2009
300 _axii, 413 pages.
650 _aOrganizational change -- Management.
650 _aOrganizational change.
999 _c358845
_d358845